| 000 | 003330000a22001210004500 | ||
|---|---|---|---|
| 100 | 1 | _aFoulkes, Ricardo | |
| 245 | 1 | 0 | _aReseñas bibliográficas |
| 300 | _aVol. 19, Num 2 (Septiembre, 1999), Páginas 93-95 | ||
| 500 | _aThe Revelation of John, Jürgen Roloff | ||
| 650 | 1 | 4 | _aAPOCALIPSIS |
| 773 | 0 | _tVida y Pensamiento | |
| 942 | _cANA | ||
| 999 |
_c62708 _d62708 |
||